| 000 | 00420nam a2200157Ia 4500 | ||
|---|---|---|---|
| 020 | _a8187226080(hb) | ||
| 082 |
_a958.1 _bHIS _cD |
||
| 100 |
_aKaye,John William _949790 |
||
| 245 | _aHistory of the war in Afghanistan | ||
| 260 |
_aDelhi: _bShubhi Publications, _c1874. |
||
| 300 | _a2 Volumes | ||
| 526 |
_a0 _b0 _c0 _d958_100000000000000_HIS |
||
| 650 |
_aAfghan Wars _946679 |
||
| 650 |
_aMCE _9379 |
||
| 942 |
_2ddc _cBK |
||
| 999 |
_c552733 _d552733 |
||